[Event "Titled Tuesday intern op 26th Sep Early"]
[Site "Chess.com INT"]
[Date "2023.09.26"]
[Round "3"]
[White "Joshi, Pankaj"]
[Black "Lopez del Alamo, Antonio"]
[Result "1/2-1/2"]
[WhiteElo "2231"]
[BlackElo "2295"]
[PlyCount "77"]
[EventDate "2023.09.26"]
[EventType "swiss (blitz)"]
[EventRounds "11"]
[EventCountry "USA"]
[SourceTitle "EXT 2024"]
[Source "ChessBase"]
[SourceDate "2023.10.10"]
[SourceVersion "1"]
[SourceVersionDate "2023.10.10"]
[SourceQuality "1"]

1. d4 Nf6 2. Nc3 g6 3. e4 d5 4. e5 Ne4 5. Bd3 Nxc3 6. bxc3 Bg7 7. f4 c5 8. Nf3 Qa5 9. Bd2 c4 10. Be2 Bf5 11. 0-0 Qa4 12. Ne1 e6 13. g4 Be4 14. Bf3 Nc6 15. Bxe4 dxe4 16. Qe2 Ne7 17. Qxe4 Nd5 18. f5 gxf5 19. gxf5 0-0-0 20. fxe6 fxe6 21. Qg4 Qd7 22. Qe2 Qc6 23. Kh1 Rdf8 24. Ng2 Rhg8 25. Rxf8+ Bxf8 26. Rg1 b5 27. Qf3 Be7 28. Nf4 Rf8 29. Nxd5 exd5 30. Qh3+ Kb8 31. Qxh7 Qe6 32. Bg5 Rf7 33. Qg8+ Kb7 34. Bxe7 Qxe7 35. Qg5 Qe6 36. Qg6 Qe7 37. Qg5 Qe6 38. Qg6 Qe7 39. Qg5 1/2-1/2

[Event "Titled Tuesday intern op 26th Sep Early"]
[Site "Chess.com INT"]
[Date "2023.09.26"]
[Round "6"]
[White "Lopez del Alamo, Antonio"]
[Black "Heinemann, Josefine"]
[Result "1-0"]
[WhiteElo "2295"]
[BlackElo "2296"]
[PlyCount "117"]
[EventDate "2023.09.26"]
[EventType "swiss (blitz)"]
[EventRounds "11"]
[EventCountry "USA"]
[SourceTitle "EXT 2024"]
[Source "ChessBase"]
[SourceDate "2023.10.10"]
[SourceVersion "1"]
[SourceVersionDate "2023.10.10"]
[SourceQuality "1"]

1. e4 e5 2. Bc4 Nf6 3. d3 c6 4. Nf3 d5 5. Bb3 a5 6. a4 Bb4+ 7. c3 Bd6 8. Nbd2 0-0 9. 0-0 Na6 10. Qe2 Nc5 11. Bc2 Re8 12. Re1 Bg4 13. h3 Bh5 14. Nf1 h6 15. Ng3 Bg6 16. Bd2 Nh5 17. Nxh5 Bxh5 18. b4 axb4 19. cxb4 Nd7 20. Bb3 d4 21. g4 Bg6 22. g5 hxg5 23. Bxg5 Be7 24. Qd2 Bh5 25. Bxe7 Qxe7 26. Ng5 Nf8 27. Kh2 Nh7 28. Rg1 Bg6 29. Nxh7 Kxh7 30. Rg3 Qf6 31. Rag1 b6 32. Bd1 Kg8 33. Rf3 Qe6 34. Qg5 c5 35. h4 Qe7 36. Qg4 Qe6 37. Qg3 cxb4 38. h5 Rf8 39. hxg6 fxg6 40. Rxf8+ Rxf8 41. Rg2 Rf6 42. Qg4 Qxg4 43. Rxg4 b3 44. Bxb3+ Kf8 45. Kg2 Ke7 46. f4 exf4 47. Kf3 Kd6 48. Rxf4 Kc5 49. Rxf6 gxf6 50. Bc4 Kb4 51. Kf4 Kc3 52. e5 fxe5+ 53. Kxe5 Kb4 54. Bb5 Kc5 55. Kf6 Kb4 56. Kxg6 Kc3 57. Kf5 Kb4 58. Ke4 Kc3 59. Ke5 1-0

[Event "Titled Tuesday intern op 19th Sep Late"]
[Site "Chess.com INT"]
[Date "2023.09.19"]
[Round "6"]
[White "Lopez del Alamo, Antonio"]
[Black "Mendez Fortes, Eduardo Jesus"]
[Result "0-1"]
[WhiteElo "2295"]
[BlackElo "2231"]
[PlyCount "144"]
[EventDate "2023.09.19"]
[EventType "swiss (blitz)"]
[EventRounds "11"]
[EventCountry "USA"]
[SourceTitle "EXT 2024"]
[Source "ChessBase"]
[SourceDate "2023.10.10"]
[SourceVersion "1"]
[SourceVersionDate "2023.10.10"]
[SourceQuality "1"]

1. e4 c5 2. Nf3 d6 3. d4 cxd4 4. Nxd4 Nf6 5. Nc3 a6 6. Be2 e5 7. Nb3 Be7 8. Be3 Be6 9. Nd5 Nbd7 10. Qd3 0-0 11. c4 b5 12. cxb5 Bxd5 13. exd5 Nb6 14. Bxb6 Qxb6 15. bxa6 Qb4+ 16. Qd2 Qxd2+ 17. Kxd2 Nxd5 18. Bf3 Bg5+ 19. Kd1 Nb4 20. Bxa8 Rxa8 21. h4 Bh6 22. Rh3 Rxa6 23. a3 Nd5 24. Rd3 Nf4 25. Rc3 g6 26. g3 Ne6 27. Ke2 f5 28. Rd1 Kf7 29. Rcd3 Ke7 30. Nc1 Bg7 31. b4 e4 32. Rb3 Nd4+ 33. Rxd4 Bxd4 34. b5 Ra4 35. b6 Rc4 36. b7 Ba7 37. Kd1 Bb8 38. Na2 d5 39. Nb4 Kd6 40. Na6 Ba7 41. b8Q+ Bxb8 42. Nxb8 Ra4 43. Kd2 d4 44. Kc2 h6 45. Kb2 d3 46. Rb4 Ra5 47. a4 Rc5 48. Ka3 Rc2 49. Kb3 Rxf2 50. a5 d2 51. Rd4+ Kc5 52. Rd8 e3 53. Kc2 Rf1 54. a6 Rc1+ 55. Kb2 d1Q 56. Rxd1 Rxd1 57. a7 e2 58. a8Q e1Q 59. Qc6+ Kd4 60. Qb6+ Ke4 61. Qb7+ Ke3 62. Qb6+ Kf3 63. Qb7+ Kxg3 64. Qc7+ Kh3 65. Nc6 Qe2+ 66. Kb3 Rb1+ 67. Kc3 Qb2+ 68. Kc4 Rc1+ 69. Kd5 Qb5+ 70. Kd6 Qxc6+ 71. Qxc6 Rxc6+ 72. Kxc6 f4 0-1

[Event "Titled Tuesday intern op 19th Sep Late"]
[Site "Chess.com INT"]
[Date "2023.09.19"]
[Round "3"]
[White "Lopez del Alamo, Antonio"]
[Black "Tarnowska, Aleksandra"]
[Result "1-0"]
[WhiteElo "2295"]
[BlackElo "1860"]
[PlyCount "95"]
[EventDate "2023.09.19"]
[EventType "swiss (blitz)"]
[EventRounds "11"]
[EventCountry "USA"]
[SourceTitle "EXT 2024"]
[Source "ChessBase"]
[SourceDate "2023.10.10"]
[SourceVersion "1"]
[SourceVersionDate "2023.10.10"]
[SourceQuality "1"]

1. e4 c5 2. Nf3 e6 3. d3 a6 4. g3 b5 5. Bg2 Bb7 6. 0-0 d6 7. Re1 Qc7 8. Qe2 Be7 9. Nbd2 Nf6 10. Nf1 Nbd7 11. N3d2 0-0 12. f4 Rac8 13. g4 Ne8 14. Ng3 c4 15. dxc4 bxc4 16. c3 Bh4 17. Ndf1 d5 18. exd5 Bxd5 19. Bxd5 exd5 20. Be3 Nef6 21. g5 Ne4 22. Qg4 Bxg3 23. Nxg3 Nxg3 24. hxg3 Nc5 25. Bd4 Rce8 26. Kg2 Rxe1 27. Rxe1 Ne4 28. Rh1 f5 29. Qh5 g6 30. Qxg6+ hxg6 31. Rh8+ Kf7 32. Rh7+ Ke6 33. Rxc7 Rb8 34. Rc6+ Kf7 35. Rxa6 Rxb2+ 36. Kf3 Nd2+ 37. Ke2 Ne4+ 38. Kd1 Nxg3 39. Rf6+ Ke7 40. Rxg6 Rxa2 41. Rg7+ Kf8 42. Rb7 Ne4 43. g6 Rd2+ 44. Kc1 Rg2 45. g7+ Kg8 46. Rb8+ Kh7 47. Rh8+ Kg6 48. g8Q# 1-0

[Event "Titled Tuesday intern op 19th Sep Late"]
[Site "Chess.com INT"]
[Date "2023.09.19"]
[Round "1"]
[White "Manukyan, Sargis A"]
[Black "Lopez del Alamo, Antonio"]
[Result "1-0"]
[WhiteElo "2237"]
[BlackElo "2295"]
[PlyCount "83"]
[EventDate "2023.09.19"]
[EventType "swiss (blitz)"]
[EventRounds "11"]
[EventCountry "USA"]
[SourceTitle "EXT 2024"]
[Source "ChessBase"]
[SourceDate "2023.10.10"]
[SourceVersion "1"]
[SourceVersionDate "2023.10.10"]
[SourceQuality "1"]

1. d4 Nf6 2. c4 g6 3. Nc3 Bg7 4. Nf3 0-0 5. Bg5 c5 6. d5 d6 7. e4 b5 8. cxb5 a6 9. bxa6 Bxa6 10. Bxa6 Rxa6 11. 0-0 Nbd7 12. Re1 h6 13. Bd2 Qa8 14. Qc2 Rb8 15. g3 Ng4 16. Rab1 Nge5 17. Nxe5 Nxe5 18. Kg2 Nc4 19. Bf4 Nb6 20. b3 Nd7 21. a4 Ne5 22. Nb5 Qb7 23. Na3 Qb4 24. Bxe5 Bxe5 25. Nc4 Bg7 26. h4 h5 27. f4 Bd4 28. Kh3 Kg7 29. e5 Qb7 30. Qe4 dxe5 31. fxe5 e6 32. d6 Qxe4 33. Rxe4 Rb4 34. Na3 Ra8 35. Nb5 Rb8 36. Nxd4 cxd4 37. a5 Kg8 38. a6 Ra8 39. Ra1 Rxb3 40. Rxd4 Rb6 41. d7 Rd8 42. a7 1-0

[Event "Titled Tuesday intern op 12th Sep Late"]
[Site "Chess.com INT"]
[Date "2023.09.12"]
[Round "5"]
[White "Cuenca Jimenez, Jose Fernando"]
[Black "Lopez del Alamo, Antonio"]
[Result "1-0"]
[WhiteElo "2500"]
[BlackElo "2295"]
[PlyCount "75"]
[EventDate "2023.09.12"]
[EventType "swiss (blitz)"]
[EventRounds "11"]
[EventCountry "USA"]
[SourceTitle "EXT 2024"]
[Source "ChessBase"]
[SourceDate "2023.10.10"]
[SourceVersion "1"]
[SourceVersionDate "2023.10.10"]
[SourceQuality "1"]

1. c4 Nf6 2. Nc3 g6 3. e4 d6 4. d4 Bg7 5. h3 0-0 6. Be3 e5 7. d5 c6 8. Nf3 cxd5 9. cxd5 a6 10. a4 Nbd7 11. Nd2 Ne8 12. g4 Nc5 13. b4 Nd7 14. Be2 Bf6 15. Nf3 Ng7 16. Rg1 Be7 17. Bh6 a5 18. b5 Nc5 19. Rb1 Bd7 20. Qd2 Rc8 21. Qe3 Qb6 22. Nd2 Qd8 23. Nc4 b6 24. Kd1 Bh4 25. Kc2 g5 26. Bxg7 Kxg7 27. Nxd6 Rc7 28. Nc4 Rc8 29. Kb2 Qf6 30. f3 Nb7 31. Qxb6 Qxb6 32. Nxb6 Bf2 33. Nxd7 Bxg1 34. Rxg1 Rfd8 35. Nxe5 Nc5 36. Nc6 Re8 37. Rd1 Nd7 38. Nxa5 1-0

[Event "Titled Tuesday intern op 12th Sep Late"]
[Site "Chess.com INT"]
[Date "2023.09.12"]
[Round "6"]
[White "Lopez del Alamo, Antonio"]
[Black "Da Silva, Alessandro Rodrigue"]
[Result "0-1"]
[WhiteElo "2295"]
[BlackElo "2186"]
[PlyCount "46"]
[EventDate "2023.09.12"]
[EventType "swiss (blitz)"]
[EventRounds "11"]
[EventCountry "USA"]
[SourceTitle "EXT 2024"]
[Source "ChessBase"]
[SourceDate "2023.10.10"]
[SourceVersion "1"]
[SourceVersionDate "2023.10.10"]
[SourceQuality "1"]

1. e4 c5 2. Nf3 Nc6 3. b4 Nxb4 4. c3 Nc6 5. d4 cxd4 6. cxd4 d5 7. exd5 Qxd5 8. Nc3 Qa5 9. Rb1 Qxc3+ 10. Bd2 Qa3 11. d5 e6 12. dxc6 bxc6 13. Qc2 Qc5 14. Qa4 Nf6 15. Rc1 Qd5 16. Bc4 Qe4+ 17. Be3 Bc5 18. 0-0 Bxe3 19. fxe3 Qxe3+ 20. Kh1 0-0 21. Qxc6 Bd7 22. Qa6 Rfc8 23. Bb3 Rxc1 0-1

[Event "Titled Tuesday intern op 12th Sep Early"]
[Site "Chess.com INT"]
[Date "2023.09.12"]
[Round "11"]
[White "Lopez del Alamo, Antonio"]
[Black "Erzhanov, Arman"]
[Result "1/2-1/2"]
[WhiteElo "2295"]
[BlackElo "2175"]
[PlyCount "169"]
[EventDate "2023.09.12"]
[EventType "swiss (blitz)"]
[EventRounds "11"]
[EventCountry "USA"]
[SourceTitle "EXT 2024"]
[Source "ChessBase"]
[SourceDate "2023.10.10"]
[SourceVersion "1"]
[SourceVersionDate "2023.10.10"]
[SourceQuality "1"]

1. e4 d6 2. d4 Nf6 3. Nc3 c6 4. Be2 e5 5. Be3 Nbd7 6. g4 exd4 7. Qxd4 Ne5 8. f3 h6 9. 0-0-0 Be7 10. h4 Qa5 11. Nh3 Be6 12. Nf4 Bxa2 13. g5 Nfd7 14. gxh6 gxh6 15. Nh5 Be6 16. f4 c5 17. Qa4 Qxa4 18. Nxa4 Nc4 19. Bxc4 Bxc4 20. Ng7+ Kf8 21. Nf5 Be2 22. Rd2 Bf3 23. Re1 Bxe4 24. Nxd6 Bxd6 25. Rxd6 Bc6 26. Nxc5 Nf6 27. Rxf6 Kg7 28. Bd4 Rhd8 29. Bc3 Bd5 30. Re7 Kf8 31. Re1 Re8 32. Rxe8+ Kxe8 33. Rxh6 Ke7 34. Bf6+ Kd6 35. Bd4+ Ke7 36. Nd3 Rg8 37. Kd2 b6 38. h5 Rg2+ 39. Kc3 Rh2 40. Rh8 Rh3 41. h6 Be4 42. Bg7 Ke6 43. Ra8 Bxa8 44. Kd4 Bc6 45. Ne5 Be8 46. Ng4 f6 47. Nxf6 Bg6 48. c4 Rh2 49. b4 Kf5 50. c5 Rd2+ 51. Kc3 Rd8 52. c6 Rc8 53. b5 a6 54. Kb4 axb5 55. Kxb5 Kxf4 56. Kxb6 Be4 57. c7 Bf5 58. h7 Bxh7 59. Nxh7 Kf5 60. Bc3 Ke6 61. Nf6 Kd6 62. Ne4+ Kd7 63. Nc5+ Kd6 64. Na6 Kd7 65. Kb7 Re8 66. Nc5+ Kd6 67. Ne4+ Ke6 68. c8Q+ Rxc8 69. Kxc8 Kd5 70. Nf6+ Ke6 71. Kc7 Kf5 72. Kd6 Kf4 73. Kd5 Kf3 74. Ne4 Kf4 75. Be5+ Ke3 76. Nc5 Kf3 77. Kd4 Kg4 78. Ke4 Kg5 79. Ne6+ Kg4 80. Nf8 Kg5 81. Bf4+ Kg4 82. Ne6 Kh3 83. Kf3 Kh4 84. Nf8 Kh3 85. Ng6 1/2-1/2

[Event "Titled Tuesday intern op 12th Sep Early"]
[Site "Chess.com INT"]
[Date "2023.09.12"]
[Round "2"]
[White "Lopez del Alamo, Antonio"]
[Black "Korchmar, Vasiliy"]
[Result "0-1"]
[WhiteElo "2295"]
[BlackElo "2438"]
[PlyCount "112"]
[EventDate "2023.09.12"]
[EventType "swiss (blitz)"]
[EventRounds "11"]
[EventCountry "USA"]
[SourceTitle "EXT 2024"]
[Source "ChessBase"]
[SourceDate "2023.10.10"]
[SourceVersion "1"]
[SourceVersionDate "2023.10.10"]
[SourceQuality "1"]

1. e4 c5 2. Nf3 d6 3. d4 cxd4 4. Nxd4 Nf6 5. Nc3 Nc6 6. Be2 g6 7. 0-0 Bg7 8. Nb3 0-0 9. Bg5 h6 10. Bh4 Be6 11. f4 a6 12. Bf3 b5 13. Nd5 Bxd5 14. exd5 Na5 15. Nxa5 Qxa5 16. c3 b4 17. c4 Qc5+ 18. Kh1 Qxc4 19. Qd2 Rfc8 20. Rfc1 Qb5 21. Rxc8+ Rxc8 22. Bf2 Nd7 23. Re1 Bf6 24. Bg4 h5 25. Bh3 Rc7 26. f5 g5 27. g3 Ne5 28. Bg2 Qc4 29. Bd4 Nd3 30. Bxf6 exf6 31. Rd1 Ne5 32. b3 Qc2 33. Qxc2 Rxc2 34. Ra1 Rb2 35. a3 Rxb3 36. axb4 Rxb4 37. h3 Rb6 38. Bf1 Rb3 39. Kg2 Rb2+ 40. Kh1 Rd2 41. Bg2 g4 42. hxg4 Nxg4 43. Rxa6 Rd1+ 44. Bf1 Rxf1+ 45. Kg2 Rxf5 46. Kh3 Rxd5 47. Ra7 Kg7 48. Rd7 Ne5 49. Ra7 Rd1 50. Kg2 d5 51. Kh3 d4 52. g4 hxg4+ 53. Kh4 d3 54. Ra3 d2 55. Rg3 Rh1+ 56. Rh3 Rxh3# 0-1